[Event "Candidates Tournament"]
[Site "London"]
[Date "2013.03.23"]
[Round "7"]
[White "Aronian, Levon"]
[Black "Grischuk, Alexander"]
[Result "1/2-1/2"]
[WhiteElo "2809"]
[BlackElo "2764"]
[Annotator "Marin,M"]
[PlyCount "85"]
[EventDate "2013.03.15"]
[EventType "tourn"]
[EventRounds "14"]
[EventCountry "ENG"]
[EventCategory "22"]
[SourceTitle "CBM 154"]
[Source "ChessBase"]
[SourceDate "2013.05.15"]
[SourceVersion "1"]
[SourceVersionDate "2013.05.15"]
[SourceQuality "1"]

1. d4 Nf6 2. c4 e6 3. Nf3 b6 4. g3 Bb7 5. Bg2 Be7 6. O-O O-O 7. Nc3 Ne4 8. Bd2
Bf6 9. Ne5 $5 {Not really a new move, it had been played almost 30 years ago
in a correspondence game. It came into the limelight only recently, though,
and Aronian had used it last year to get an advantage against Carlsen. So,
hardly a surprise for Grischuk in this game.} (9. Qc2 Nxd2 10. Qxd2 d6 11. Rfd1
Nd7 {Vallejo Pons,F (2629)-Ponomariov,R (2734)/Linares 2003/CBM 094/[Ftacnik] 
(0-1, 53)}) (9. Rc1 {Kasparov,G (2847)-Ponomariov,R (2734)/Linares 2003/CBM
094/[Ftacnik] (1-0, 43)}) 9... Nxc3 10. Bxc3 Bxg2 11. Kxg2 {After a few more
or less forced exchanges, White retains a considerable space advantage and
active pieces. The main question is whether the central knight will prove
effective or just cause problems of stability.} c5 {The most logical way to
question the stability of the knight in the centre.} (11... d6 12. Ng4 ({
Just one week after the main game, White tried:} 12. Nf3 d5 $6 13. Qd3 a5 14.
e4 c6 15. cxd5 exd5 16. e5 Be7 17. h4 c5 18. Ng5 $14 {Wirig,A (2490)-Gajewski,
G (2650)/Deizisau 2013/ (1-0, 65)}) 12... Nd7 13. Qc2 Re8 14. e4 e5 15. d5 g6
$6 {This weakens the dark squares without any reason.} (15... h5 16. Nxf6+ Qxf6
17. f4 Qh6 18. f5 h4 $5 $132) 16. Nxf6+ (16. f4 $5) 16... Qxf6 17. f4 Qg7 18.
b4 $16 {Steigerwald,L-Timar,Z/HUN-ch H488 corr 1984/Corr 2000 (1/2, 35)}) (
11... Bxe5 12. dxe5 Nc6 {is too simplistic to solve Black's problems.} 13. Qd3
d6 14. exd6 Qxd6 15. Qxd6 cxd6 16. Rfd1 $14 {L'Ami,E (2620)-Brunello,S (2488)/
Bratto 2010/CBM 138 Extra (1/2, 74)}) (11... d5 {is the most frequent answer,
but it seems that White has better chances to stabilise in the centre.} 12. Ng4
(12. Qa4 Qe8 13. Qxe8 Rxe8 14. cxd5 exd5 15. e3 a5 $11 {Melkumyan,H (2649)
-Wojtaszek,R (2733)/Germany 2013/CBM 153 (0-1, 46)}) 12... Nd7 (12... Be7 13.
Qa4 c6 14. Ne5 dxc4 15. Qxc4 Qd5+ 16. f3 f6 17. e4 Qxc4 18. Nxc4 Nd7 19. Rfd1
Rfd8 20. Rac1 Rac8 21. Ne3 $14 {Sjugirov,S (2646)-Iturrizaga Bonelli,E (2646)/
Moscow 2013/CBM 152 Extra (1-0, 96)}) 13. Qa4 Be7 14. Rfd1 Nf6 15. Ne5 (15.
Nxf6+ Bxf6 16. Qc6 Qd6 17. Qxd6 cxd6 18. cxd5 exd5 19. Bb4 Rfd8 20. Rac1 a5 21.
Ba3 b5 22. b3 b4 23. Bb2 Rdc8 {In Oms Pallisse,J (2506)-Fluvia Poyatos,J (2490)
/Barcelona 2012/ (1/2, 48) White's advantage proved rather symbolic.}) 15...
Qe8 16. Nc6 Kh8 17. f3 $5 $14 {Aronian,L (2816)-Carlsen,M (2843) Sao Paulo/
Bilbao 2012 (1/2, 44)}) 12. Nf3 $146 (12. Ng4 Bxd4 13. Bxd4 cxd4 14. Qxd4 {
leaves the white knight still looking for a safe location.} Nc6 15. Qd6 f5 (
15... Rc8 16. Rad1 f5) 16. Ne3 (16. Ne5 Nxe5 17. Qxe5 Rc8 18. b3 Rc5 19. Qd6
Qc7) 16... f4 $132 {Bogdanovich,S (2286)-Kravtsiv,M (2516)/Odessa 2008/CBM 123
Extra (0-1, 56)}) ({Maintaining the tension with} 12. Qd2 {allows Black to
equalise at once:} cxd4 13. Bxd4 Nc6 $11) 12... cxd4 {This looks like a well
timed release of the tension.} (12... d6 13. Qd2 Nc6 {may be more principled
abstractly, but White can maintain the initiative with} 14. Rfd1 Qc7 15. d5 $14
) 13. Bxd4 Be7 $5 {In the Hedgehog, the e7-bishop has a clear task: defending
the d6-pawn. Besides, the d4-bishop somewhat stands in the way now, so the
last move cannot be considered a loss of time.} 14. Qd3 d6 15. Qc3 {The only
way to bring some life into the position and prove that the d4-bishop is
active after all.} e5 $1 {The safest defence; it would make litle sense to
weaken the kingside. With the f3-knight far from d5, the central weakness is
not too relevant.} 16. Be3 Nd7 17. Rfd1 Rc8 18. Rac1 f5 {This is double-edged,
but entirely viable. Black creates some sort of kingside threats, but weakens
a few squares in his camp.} ({I would probably have focussed on the d5-square
starting with} 18... Qc7 {planning ...Qb7, ...h6 and ...Nf6 possibly followed
by ...d5.} 19. Qb3 {This way of removing the queen from the c-file looks a bit
artificial, but natural regrouping moves offer Black counterplay:} (19. Nd2
Qb7+ 20. f3 d5) (19. Qd3 Nf6 {[%cal Ge5e4]} 20. Nd2 Qb7+ 21. f3 d5) (19. Qc2 b5
) (19. Bg5 Bxg5 20. Nxg5 Nf6 21. Qf3 Qc6 $11) 19... h6 {/\...Nf6}) 19. b4 Kh8 {
Maybe a bit too modest.} ({In for a penny, he should have gone in for the
pound too:} 19... f4 20. Bd2 Qe8 $132) 20. c5 $1 {A thematic pawn sacrifice.
White opens files on the wing where Black does not have enough pieces.} bxc5
21. bxc5 e4 (21... Nxc5 22. Nxe5 Bf6 23. Bxc5 Bxe5 (23... Rxc5 $2 24. Qxc5 dxc5
25. Rxd8 Bxd8 $8 26. Rxc5 $18) 24. Qa3 Qe7 25. Be3 $14) 22. Nd4 Nxc5 23. Nb5 {
White has consiedereably activated his position. All his pieces are working.
Black's position has somewhat lost its harmony, but the extra pawn helps to
resist the first wave of attack.} Qb6 (23... a6 {leads to a somewhat
unpleasant ending:} 24. Nxd6 Bxd6 25. Bxc5 Rxc5 26. Qxc5 Bxc5 27. Rxd8 Rxd8 28.
Rxc5 g6 29. e3 $14 {Pawns are equal, but White's rook is more active. Black
should probably find a good moment to give up the a6-pawn and place his rook
behind the white a-pawn, but this is a tough decision to make at such an early
stage of the middlegame.} Rd2 (29... Rd7 30. Rc6 a5 31. a4 Kg7 32. Rc5 Ra7 33.
h3 {[%cal Gg3g4]}) 30. Ra5 Rd6 31. h3 {[%cal Gg3g4]}) 24. Qc4 ({Another way of
invading the light squares would be} 24. Rb1 Qa6 25. Qc4 $44) 24... a6 25. Nc3
Qd8 26. Na4 {This will lead to simplifications making Black's defence much
simpler.} ({The c5-knight is not such a threatening piece, so} 26. Nd5 {
makes sense. The following line leads to a similar ending to that from the
previous comment.} Bg5 27. Nf4 Bxf4 28. Bxf4 Nd3 29. Qxc8 Qxc8 30. Rxc8 Nxf4+
31. gxf4 Rxc8 32. Rxd6 {True, White does not have the pawn break g3-g4 anymore,
so Black's chances to reach a draw by giving up the a6-pawn are higher.}) 26...
Nxa4 27. Qxa4 Rxc1 28. Rxc1 a5 29. Qb5 h6 30. Rd1 Bg5 31. Bb6 Qb8 32. a4 f4
$132 {While White was preparing to retrieve the pawn, Black finally launched
his kingside attack.} 33. h4 f3+ 34. exf3 exf3+ 35. Kh2 Bf6 36. Bxa5 Be5 37.
Qxb8 Rxb8 38. h5 (38. Be1 h5 {[%cal Gb8b3,Gb3a3]}) 38... Ra8 39. Rd5 Kg8 40.
Kh3 Kf7 41. Kg4 Ke6 42. Rb5 Bd4 43. Bb6 1/2-1/2

[Event "Candidates Tournament"]
[Site "London"]
[Date "2013.03.23"]
[Round "7"]
[White "Carlsen, Magnus"]
[Black "Radjabov, Teimour"]
[Result "1/2-1/2"]
[WhiteElo "2872"]
[BlackElo "2793"]
[Annotator "Marin,M"]
[PlyCount "73"]
[EventDate "2013.03.15"]
[EventType "tourn"]
[EventRounds "14"]
[EventCountry "ENG"]
[EventCategory "22"]
[SourceTitle "CBM 154"]
[Source "ChessBase"]
[SourceDate "2013.05.15"]
[SourceVersion "1"]
[SourceVersionDate "2013.05.15"]
[SourceQuality "1"]

1. e4 c5 2. Nf3 Nc6 3. Bb5 e6 4. Bxc6 bxc6 5. b3 {The Anand setup, not easy to
handle with White and maybe too complex for the style of Carlsen, who rarely
embarks such early battles of principle.} d6 (5... e5 6. Nxe5 Qe7 7. Bb2 (7. d4
d6 {Anand,V (2791)-Gelfand,B (2727)/Moscow 2012/CBM 149/[Stohl,I] (1-0, 77)})
7... d6 8. Nc4 d5 {Anand,V (2791)-Gelfand,B (2727)/Moscow 2012/CBM 149/[Kritz,
L] (1/2, 25)}) 6. O-O ({Radjabov must have felt confident about this position,
since he had had it twice recently:} 6. e5 dxe5 7. Nxe5 Qd5 8. Nf3 Qe4+ 9. Kf1
Qf5 10. Nc3 (10. Na3 Nf6 {Grischuk,A (2761)-Radjabov,T (2784)/Moscow 2012/CBM
149/[Kritz,L] (1/2, 41)}) 10... Nf6 11. d3 {McShane,L (2706)-Radjabov,T (2784)/
Moscow 2012/CBM 149/[Radjabov] (0-1, 48)}) 6... Ne7 ({It is instructive to
followe how a living legend fought for the control on the dark squares by
somewhat extravagant means.} 6... e5 7. Re1 g5 8. d3 h6 9. c3 Bg7 10. Na3 Ne7
11. Nc4 O-O 12. Ne3 f5 {This youthful way of playing, with ...f5 and ...g5,
yielded Korchnoi many impressive wins throughout his career; the latest
remarkable example is his win against Caruana in Gibraltar 2011.} 13. b4 f4 $36
{Boehnisch,M (2374)-Kortschnoj,V (2552)/Velden 2009/CBM 129 Extra (0-1, 40)})
7. e5 {This is the modern treatment of the problem of the dark squares in the
centre. There are other ways, though:} (7. d4 cxd4 8. Qxd4 e5 9. Qe3 f6 10. c4
d5 $132 {Dolmatov,S (2550)-Whitehead,J (2325)/Chicago 1983/EXT 99 (1/2, 43)}) (
7. c3 Ng6 8. d4 {Becerra Rivero,J (2480)-Blanco Fernandez,A (2345)/Havana 1994/
EXT 97 (1/2, 61)} cxd4 9. cxd4 Ba6 10. Qc2 Rc8 11. Rd1 Be7 12. Nc3 Qa5 $132)
7... Ng6 8. exd6 Bxd6 (8... e5 {may define the central structure too soon:} 9.
Na3 Bxd6 10. Nc4 $14) 9. Nc3 {Maybe this move is not bad, but in the game
Carlsen will not manage to justify this way of developing the knight. So, I do
not know whether to attach the question mark to the last move or simply to the
whole of the following sequence.} (9. d4 {remains an alternative:} cxd4 $140
10. Qxd4 O-O 11. Ba3) ({but} 9. Na3 O-O 10. Nc4 {looks more flexible. True,
without a pawn on e5, Black can play} Be7 {keeping c5 well defended and
followed by ...f6 and ...e5 later.}) 9... e5 10. Re1 O-O 11. d3 f5 $1 {The
start of a courageous plan; Black does not fear any ghosts. Black has two
relatively weak pawns, on c5 and e5, but he can defend them well enough. White
seems to have comfortable play, but soon he will end up short of constructive
plans.} 12. Ba3 Be6 13. Na4 Qe7 14. c4 Rad8 15. Qe2 Bc8 {Black has completed
his superb regrouping plan and is ready to launch the attack. It looks as if
the colours have been switched, since it is Black who dictates the events
after the opening. Having been outplayed, White needs some tactical
inventiveness to stay in the game, but he will fail here, too.} 16. Qe3 {
Not a good square and area for the queen, that goes without saying.} (16. Rad1
Nf4 (16... e4 17. dxe4 fxe4 18. Qxe4 Qxe4 19. Rxe4 Bxh2+ 20. Kxh2 Rxd1 21. Bxc5
$44) 17. Qc2 Rde8 $36) 16... f4 $5 {[%cal Gc8g4] Not the only possible plan.} (
16... Nf4 17. Bb2 (17. Bxc5 Nxd3 18. Qxd3 Bxc5 19. Qc3 e4 20. Ne5 Bd6 21. Nxc6
Qc7 22. Nxd8 Bxh2+ 23. Kf1 Be5) (17. Nxe5 Nxg2 18. Kxg2 f4 19. Qe4 Bxe5 20.
Qxe5 Qh4 21. Bb2 Qh3+ 22. Kg1 Rf6 $19) 17... e4 18. dxe4 fxe4 19. Qxe4 Nh3+ 20.
Kf1 Qg5 $5 21. Re2 (21. Nxg5 Rxf2#) (21. Re3 Nxf2 22. Kxf2 Bxh2 $40) 21... Rxf3
22. Qxf3 Bg4 $40) 17. Qe4 $6 {Playing with fire again. This square is supposed
to be left available for the knight.} (17. Qe2 Bg4 18. h3 Bh5 19. Qe4 {At
least now there is some stability for the queen in the centre.}) 17... Kh8 {
Unnecessarily cautious, but good enough. The attack is very much on still.} (
17... Rf5 $5 18. Rad1 Nh4 (18... Rh5 19. d4 cxd4 20. Nxd4) 19. h3 Rh5 20. Nxh4
Qxh4 21. Qf3 Rg5 22. Kf1 Rf8 $40 {/\...Rf6, /\...Rg3, /\...Rxg2!?}) 18. Rad1
Bg4 19. Rd2 Bxf3 {The problem with this plan is that White has chances to
consolidate on the light squares if he does not get killed by the attack.} 20.
Qxf3 Nh4 21. Qe4 $2 {But this loses at once, or should have done so...} ({
He should have defended the h3-c8 diagonal with} 21. Qg4 {, although the
position reemains dangerous after} Rf5 $40 {/\...Rdf8, ...h5}) 21... f3 22. g3
Ng2 $19 23. Nc3 (23. Red1 Qe6 $19 {[%cal Ge6h3]}) 23... Qe6 $2 {Offering White
an unexpected chance to stay in the game.} (23... Nxe1 24. Qxe1 Bc7 {[%cal
Gc7a5]} 25. d4 Qf7 $19 {Black is an exchange up and keeps mating threats. I
doubt that even a player with Carlsen's survival skills would have continued
playing on in this position.}) 24. Re3 $3 $17 {[%csl Gf3]} Nxe3 25. fxe3 {
Suddenly, White has got some space and stability on the light squares. He
should lose, of course, but Black still needs to find a constructive plan for
breaking open the fortress.} f2+ $2 $15 {Hallucinating. There is no attack
after this and White is more or less OK with one pawn for the exchange.} 26.
Rxf2 Rxf2 27. Kxf2 Rf8+ 28. Ke2 Qh3 29. Qh1 Be7 30. Ne4 Qg4+ 31. Kd2 Qh3 32.
Ke2 h5 33. Bb2 Qg4+ 34. Kd2 Qh3 35. Ke2 Qg4+ 36. Kd2 Qh3 37. Ke2 1/2-1/2

[Event "Candidates Tournament"]
[Site "London"]
[Date "2013.03.23"]
[Round "7"]
[White "Gelfand, Boris"]
[Black "Kramnik, Vladimir"]
[Result "1/2-1/2"]
[WhiteElo "2740"]
[BlackElo "2810"]
[Annotator "Krasenkow,M"]
[PlyCount "71"]
[EventDate "2013.03.15"]
[EventType "tourn"]
[EventRounds "14"]
[EventCountry "ENG"]
[EventCategory "22"]
[SourceTitle "CBM 154"]
[Source "ChessBase"]
[SourceDate "2013.05.15"]
[SourceVersion "1"]
[SourceVersionDate "2013.05.15"]
[SourceQuality "1"]

1. d4 Nf6 2. c4 e6 3. Nc3 Bb4 4. e3 O-O 5. Bd3 d5 6. Nf3 dxc4 7. Bxc4 c5 8. O-O
cxd4 9. exd4 b6 10. Qe2 Bb7 11. Bg5 Nbd7 12. Rac1 Qb8 {This old move has been
recently reintroduced into GM practice.} (12... Rc8 {and}) (12... Bxc3 {
are main continuations.}) 13. Rfd1 {Or else:} (13. Ne5 $6 Nxe5 14. dxe5 Bxc3
15. Bxf6 (15. bxc3 Ne4 16. Bf4 Rc8 (16... Qc7 17. Bd3 f5 18. Bxe4 fxe4 19. Be3
Rac8 20. Qb2 Qc4 21. Qa3 Qa6 22. Qb2 Bd5 $36 {0-1 (42) Gonzalez Zamora,J (2552)
-Onischuk,A (2687) Monterrey 2010}) 17. f3 Qc7 18. Bd3 Nxc3 19. Qc2 Qc5+ 20.
Kh1 Qd4 21. Bxh7+ Kh8 $17 {0-1 (40) Novkovic,M (2406)-Luther,T (2544) Austria
2001}) 15... gxf6 16. Rxc3 Qxe5 17. Re3 Qf4 18. Bd3 Rfd8 19. Rg3+ Kf8 20. Bxh7
Rac8 $5 $36 (20... Ke7 $13 {1-0 (66) Gamboa,N (2380)-Zelcic,R (2585) Elista
1998})) (13. Rfe1 {Not the best square for the rook.} Bxc3 (13... Rc8 14. Bd3
Bxc3 15. bxc3 Qd6 (15... Nd5 16. Qd2 Qd6 17. c4 N5f6 18. Ne5 Nxe5 19. dxe5 Qc6
20. f3 Nd7 21. Be7 Re8 22. Bd6 $14 {1/2 (29) Portisch,F-Dely,P Kecskement 1975}
) 16. Ne5 h6 17. Nxd7 Nxd7 $11 {1-0 (54) Andreikin,D (2700)-Ovetchkin,R (2501)
Tyumen 2012}) 14. bxc3 Ne4 (14... h6 15. Bh4 Qf4 16. Bg3 Qg4 17. Bd3 Nh5 18.
Qe3 Nxg3 19. hxg3 Rfd8 20. Red1 Rac8 $11 {1/2 (39) Donner,J-Barcza,G Amsterdam
1964}) 15. Be7 Re8 16. Ba3 Qf4 17. Bb5 Rad8 18. Qe3 Qxe3 19. Rxe3 a6 20. Bd3
Nef6 21. c4 {1/2 (74) Hammer,J (2647)-Sethuraman,S (2545) Moscow 2011} Bxf3 $1
22. gxf3 (22. Rxf3 $2 e5) 22... Nb8 $11) (13. Bd3 $5 h6 14. Bh4 Nh5) 13... Rc8
(13... h6 14. Bh4 (14. Bd2 Bd6 15. Ba6 Rd8 16. Re1 Bxa6 17. Qxa6 Qc8 18. Qe2
Qb7 $15 {0-1 (33) Hertneck,G (2539)-Bologan,V (2700) Saint Vincent 2005}) 14...
Nh5 {1-0 (37) Giorgadze,G-Izeta Txabarri,F (2380) Euskadi 1991} (14... Qf4 15.
Bg3 Qf5 16. Bd3 Qh5 17. Nb5 Nd5 {1/2 (20) Hansen,L (2574)-Akopian,V (2698)
Novi Sad 2009} 18. a3 Be7 19. Nc7 $16) 15. d5 $5 $36) (13... Bxc3 14. bxc3 Ne4
$5 {R.Giese} (14... Rc8 15. Bd3 h6 $1 (15... Nd5 16. Qd2 h6 $2 17. Bxh6 $1 gxh6
18. Qxh6 $18 {->1-0 (34) Lalic,B (2590)-Izeta Txabarri,F (2495) Benasque 1995
CBM 050 [Giese]}) 16. Bd2 (16. Bh4 Nh5) 16... Qd6 $11) (14... Be4 15. Ba6 Qc7
16. c4 h6 17. Bh4 Bb7 18. Bb5 Qf4 19. Bg3 Qe4 20. Qxe4 Bxe4 {1/2 (28) Taimanov,
M (2580)-Barcza,G (2460) Brno 1975} 21. Nd2 $14) 15. Be7 Re8 16. Ba3 Rc8 17.
Bb2 Nd6 18. Bd3 b5 $11) 14. Bd3 Bd6 15. g3 a6 16. Bxf6 Nxf6 17. Ne4 Rxc1 18.
Rxc1 Ne8 $4 {[%mdl 16384] Black has levelled the game but now makes a nervous,
extremely bad move.} (18... Nxe4 19. Bxe4 h6 $11) (18... Qd8 $5 $11) (18... Be7
$11) 19. Ned2 $4 {Amnesty! A lot of commentators including GMs M.Golubev and S.
Shipov, indicated that White could have got a big advantage after both} (19.
Neg5 h6 (19... g6 20. Nxf7 $1 Kxf7 21. Ng5+ Kf6 (21... Kg7 22. Qxe6 $18) 22.
Qxe6+ Kxg5 23. Qh3 $1 {[%cal Rh3h4]} Kf6 (23... h5 24. Qe6) 24. Qxh7 $18) 20.
Bg6 $1 Bxf3 (20... hxg5 21. Nxg5 fxg6 (21... Kf8 22. Bxf7) 22. Qxe6+ Kh8 23.
Qh3+ Kg8 24. Qh7+ Kf8 25. Qh8+ Ke7 26. Qg8 $1 Kd8 27. Qe6 $18) (20... fxg6 21.
Qxe6+ Kh8 22. Nf7+ Kh7 23. Nh4 Nf6 24. Nxd6 $16) 21. Bxf7+ Kf8 22. Qxf3 hxg5
23. Bxe6+ Nf6 24. Rc8+ Qxc8 25. Bxc8 Rxc8 26. Qb7 Rc1+ 27. Kg2 Bc7 28. Qxa6 $16
) ({and, even simpler,} 19. Nfg5 $1 h6 (19... Bxe4 $2 20. Bxe4) (19... g6 20.
Nxf7 Kxf7 21. Ng5+ {- see above}) 20. Qh5 $1 hxg5 21. Nxg5 Nf6 22. Qxf7+ Kh8
23. Nxe6 Qg8 24. Qxb7 Rb8 25. Qxg7+ Qxg7 26. Nxg7 Kxg7 27. Rc6 Rd8 28. Bxa6 {
with five pawns for a piece.}) 19... Qd8 {Now the position is equal again.} 20.
Be4 Rc8 21. Qf1 Rxc1 22. Qxc1 Qc8 23. Qc3 Nf6 24. Bxb7 Qxb7 25. Ne5 Nd5 26. Qc6
Qxc6 27. Nxc6 Kf8 28. Nc4 Bc7 29. Ne3 Nxe3 30. fxe3 Bd6 31. Ne5 Bxe5 32. dxe5
Ke7 33. Kf2 Kd7 34. e4 Kc6 35. Ke3 Kc5 36. Kd3 {Black can't break through on
the queenside.} 1/2-1/2

[Event "Candidates Tournament"]
[Site "London"]
[Date "2013.03.23"]
[Round "7"]
[White "Ivanchuk, Vassily"]
[Black "Svidler, Peter"]
[Result "1/2-1/2"]
[WhiteElo "2757"]
[BlackElo "2747"]
[Annotator "Szabo,Kr"]
[PlyCount "60"]
[EventDate "2013.03.15"]
[EventType "tourn"]
[EventRounds "14"]
[EventCountry "ENG"]
[EventCategory "22"]
[SourceTitle "CBM 154"]
[Source "ChessBase"]
[SourceDate "2013.05.15"]
[SourceVersion "1"]
[SourceVersionDate "2013.05.15"]
[SourceQuality "1"]

1. e4 e5 2. Nf3 Nc6 3. d4 exd4 4. Nxd4 Nf6 (4... Bc5 {is another main line.})
5. Nxc6 bxc6 6. e5 Qe7 7. Qe2 Nd5 8. c4 Ba6 (8... Nb6 {was also tried in some
games among top players, for example:} 9. Nc3 Bb7 {Planning g6.} ({The
immediate} 9... g6 {could have been met by} 10. Ne4 $1 $36) 10. Bd2 (10. Bf4 g6
$13 {Nepomniachtchi-Kramnik, Wijk aan Zee 2011}) 10... g6 (10... Qe6) (10...
O-O-O) 11. Ne4 O-O-O 12. a4 Ba6 13. Qe3 $1 Qxe5 $1 14. Bc3 Bb4 $1 15. Bxb4 Rhe8
{was a very interesting battle between Shirov-Kramnik, Wijk aan Zee 2011.}) 9.
g3 (9. Nd2 {is another possible line,}) ({and} 9. b3 g6 10. g3 {transposes to
the game.}) 9... g6 10. b3 Bg7 11. Bb2 O-O-O (11... O-O {is much more popular.}
) 12. Bg2 Rhe8 13. O-O Bxe5 14. Qxe5 (14. Bxe5 Qxe5 15. Qxe5 Rxe5 {is the same
as in the game.}) 14... Qxe5 15. Bxe5 Rxe5 16. cxd5 Bxf1 17. Kxf1 cxd5 18. Nc3
c6 {Nothing really new has happened so far. Both players are following theory.
We have a very interesting endgame. Black has two R and two P against the N+B.
The position is very tricky. Engines consider to be to Black's advantage, but
by human measures, thanks to the active white pieces, the fight is completely
double-edged.} 19. Rc1 (19. Ne2 Kc7 20. Nf4 Kd6 21. Nd3 Ree8 22. Rc1 a5 23. h4
Rb8 24. Bf3 h6 25. h5 g5 26. g4 {1/2 R.Mamedov-Ragger, Heraklio 2004}) 19...
Kb7 {This is more ambitious} ({than} 19... Kb8 {, but there is no serious
difference.} 20. Na4 (20. Bf3 Rde8 21. h4 h6 22. Na4 Kc7 23. Nc5 Kd6 24. Nb7+
Kc7 25. Nc5 Kd6 26. Nb7+ {1/2 Relange-V.Mikhalevski, Budapest 1996}) 20... Re7
21. Bf3 Rde8 22. h4 Rg8 23. b4 Rc8 24. Nb2 Rc7 25. Nd3 Kc8 26. Rc3 Kd8 27. Ra3
Re8 28. Nc5 {It looks as if White gets the maximum, gains some space, but
thanks to the strong P structure, Black has no real weakness, where White
could exert some pressure.} Ke7 29. g4 h6 30. Re3+ Kd8 31. Ra3 Ke7 32. Be2 Kf8
33. Bf3 {1/2 Macieja-Grabarczyk, Plock 2000 1/2 Macieja-Grabarczyk, Plock 2000}
) 20. Na4 a5 (20... d6 21. Nb2 Re7 (21... Rde8 22. Bf3) 22. Nd3 a5 (22... Rc7 {
(Ashley-D.Fernandez, Philadelphia 2001)} 23. Nb4 $1 a5 24. Nxc6 Rxc6 25. Bxd5
Rdc8 26. Ke2 Kb6 27. Bxc6 Rxc6 28. Rxc6+ Kxc6 29. Kd3 Kc5 30. Kc3 $18 {with a
winning P endgame.}) 23. b4 {and Black faces more difficulties.}) 21. Bf3 Kc7
$146 {The first novelty.} ({After} 21... f5 {Black creates an unnecessary
weakness on the e5 square, which will be a nice place for White's N.} 22. h4
Re7 23. Nc5+ Kb6 24. Nd3 Ra8 25. Be2 Ra7 26. f4 Re4 27. Nc5 Re7 28. Kf2 Ra8 29.
Bf3 Rae8 30. Nd3 Ra8 31. Ne5 {The N has reached e5, but now it has left the
queenside.} a4 32. b4 a3 $132 {with some counterplay, Arzumanian-Chudinovskih,
Pardubice 2006}) 22. Nc5 Ree8 23. Rc2 Ra8 24. Rd2 Re7 {Black's central P
structure is very strong and completely restricts White's pieces. On the other
hand it isn't so easy to move these P, because they can become weak very
quickly. So Svider decided to hold his position and make some manoeuvres with
his R. A draw will occur soon.} 25. Rd4 Rae8 26. Nd3 g5 27. Ra4 Kb6 28. Rd4 Kc7
29. Ra4 Kb6 30. Rd4 Kc7 {A very stable endgame line with both colours, from
the 18th moves almost all the games are very similar.} 1/2-1/2